Lyrics raten #30 - Statistiken

Allgemein
  • Dieses Quiz wurde 135 mal gespielt
  • Das Durchschnittsergebnis liegt bei 210 aus 495
Antwortstatistiken
Antwort % Korrekt
ich
99%
Ich
99%
ich,
99%
du
93%
Du
93%
das
75%
das,
75%
Das
75%
und
75%
Und
75%
es
73%
es,
73%
bin
71%
den
58%
die
58%
hab,
58%
hab
58%
hab?
58%
der
57%
Der
57%
der,
57%
was
55%
Was
55%
wie
46%
in
44%
ist,
43%
ist
43%
so
43%
all
42%
ein
42%
mein
40%
dich,
39%
ne
39%
Geld
38%
Geld,
38%
Geld)
38%
nicht
36%
mich
33%
wo
33%
Style
32%
im
31%
am
30%
gefällt,
28%
sein,
28%
auf
25%
dir
25%
dir,
25%
Meine
25%
sind
25%
Bitch
24%
Fotzen
24%
Fotzen,
24%
werd
23%
yeah
23%
yeah,
23%
weil
22%
bei
21%
Wenn
21%
doch
20%
Schön,
20%
Bitches
19%
einer
19%
her
19%
von
19%
Kein
18%
willst,
18%
aber
17%
mach
17%
fick
16%
Komm,
16%
komm
16%
aus,
14%
Deiner
14%
denk
14%
Ey
14%
Frau
14%
Nach
14%
einzige,
13%
yo,
13%
Baby,
12%
viel,
12%
des
11%
heut
11%
interessiert
11%
vor
11%
jeder
10%
Mathe?
10%
sag
10%
studier
10%
studierst
10%
Multimillionär,
9%
Blick
8%
ins
8%
lass
8%
trifft
8%
Jura?
7%
lauf
7%
nimm
7%
Schwuler
7%
Verpiss
7%
Disco
6%
Kay,
6%
Kay
6%
krieg
6%
One
6%
rein,
6%
Arsch,
5%
Bett
5%
Meer,
5%
Meer
5%
Miss
5%
also
4%
lach
4%
sollen
4%
Trink,
4%
trink,
4%
trink
4%
Tupac
4%
wirst
4%
Dafür
3%
Dicka?
3%
eingebildet
3%
fickt
3%
Flasche
3%
gebildet
3%
Germany
3%
hundert
3%
Jacke
3%
Jahres
3%
krass
3%
Liegestütze
3%
Mom
3%
nagelneue
3%
passiert
3%
Playboy
3%
schlucke
3%
Schulabschluss,
3%
Stöhn,
3%
trage
3%
verrückt,
3%
voll
3%
wenn's
3%
Ziel
3%
Affe,
2%
Boss-Player,
2%
bring,
2%
bring
2%
Bündchen
2%
chill
2%
Gisele
2%
grad,
2%
Moncler
2%
nächstes
2%
niemals
2%
Playmates
2%
Portemonnaie
2%
scheiss
2%
überleg
2%
Uhr
2%
Bauer
1%
Chicks,
1%
Cialis
1%
Guck,
1%
Happy
1%
Hour
1%
klingt
1%
knallen
1%
Korken
1%
Models
1%
Outfit,
1%
schwimm
1%
sexy
1%
sowie
1%
Steck's
1%
String
1%
Trip
1%
abfährt,
0%
Abitur
0%
Beam
0%
blind
0%
Dollar,
0%
Europatour
0%
Eva
0%
Flittchen
0%
fünftausend
0%
Jim
0%
kostet
0%
Kuhdorf,
0%
Micki
0%
Mr. Kay-Diddy
0%
München
0%
Padberg
0%
Schicki
0%
sucht
0%
vergiss
0%
voller
0%
(Ye-yeah,
0%
ye-yeah,
0%
Ye-yeah,
0%
zusauf
0%
Keine übereinstimmenden Quizze gefunden
Verteilung der Resultate
Anzahl Personen mit jedem Resultat
Perzentil nach korrekt beantworteten Fragen
Ihre Resultats-Entwicklung
Sie haben dieses Quiz noch nicht gespielt